000 00492cam a22001814a 4500
005 20250605164034.0
008 250528s ||||||||||||||||||||||||d
035 _a16737
020 _a9607264045
040 _aGR-AtMCL
_bgre
_dGR-AtMCL
_eAACR2
245 1 _aΤα Ποιήματα της Φαίδρας
260 _bΧώρος Ποίησης Σικύωνιος,
_c1991
300 _a128
700 1 _aΝούτσου Φαίδρα
_92827
942 _cBK
999 _c2207
_d2207